00750nam a22002411a 4500001000800000005001700008008004100025010001300066020001500079020002200094035000300116040001800119050002600137082002400163100002400187245009700211260005400308300002000362500003800382504003800420650002500458650002500483409758820110718124900.0770425s1971 inu b 001 0 eng  a74029823 a0891350004 a0891350004c8.95  aDLCcDLCdDLC10aBV1471.2b.L443 1971b00aBV 1471.2.L443 19711 aLee, James Michael.14aThe shape of religious instruction : a social science approach /cJames Michael Lee.h[Text] aMishawaka, Ind.bReligious Education Presscc1971 a330 p. ; 24 cm. aIncludes abibiliography and index aIncludes abibiliography and index 0aChristian sociology. 0aChristian sociology.